00664cam a2200181 4500008004100000020001500041035002000056050002400076100002000100245007200120260003600192300002600228500002100254650002700275650001800302999001700320952014500337130416n 000 0 eng u a0940780178 a(Sirsi) a178682 a RM 301.28 OLS 1992 aOlson, James M. aClinical pharmacology made ridiculously simple / c James M. Olson. aMiami, FL : MedMaster, c1992. a ix, 162 p. : b ill. a Includes index. aClinical pharmacology. aPharmacology. c35400d35400 00102lcc4070aMEDICALbMEDICALcON-SHELFl3m1o RM 301.28 OLS 1992p33729005165399r2024-05-07 00:00:00s2024-04-23t1w2019-08-13yBOOK